[Event "GMA-Open"]
[Site "Belgrade"]
[Date "1988.??.??"]
[Round "?"]
[White "Romanishin, Oleg M"]
[Black "Rantanen, Yrjo A"]
[Result "1/2-1/2"]
[WhiteElo "2550"]
[BlackElo "2370"]

1.d4 d5 2.c4 dxc4 3.e4 Nc6 4.d5 Ne5 5.Qd4 Nd3+ 6.Bxd3 cxd3 7.Nf3 e6 8.Bg5 f6
9.Bd2 e5 10.Qxd3 Bd6 11.O-O Ne7 12.Nc3 a6 13.a4 O-O 14.Qc4 Bg4 15.Ne1 Bh5
16.Nd3 Bf7 17.Rfd1 c6 18.a5 Rc8 19.Qb3 cxd5 20.Nxd5 Nxd5 21.exd5 Qd7 22.Be3 e4
23.Nf4 Bxf4 24.Bxf4  1/2-1/2

[Event "GMA-Open"]
[Site "Belgrade"]
[Date "1988.??.??"]
[Round "?"]
[White "Epishin, Vladimir"]
[Black "Dorfman, Josif D"]
[Result "0-1"]
[WhiteElo "2475"]
[BlackElo "2540"]

1.d4 d5 2.c4 dxc4 3.e4 Nf6 4.Nc3 e5 5.Nf3 exd4 6.Qxd4 Qxd4 7.Nxd4 Bc5 8.Ndb5 Na6
9.Bf4 c6 10.Nd6+ Bxd6 11.Bxd6 Be6 12.e5 Nd7 13.b4 f6 14.f4 fxe5 15.fxe5 O-O-O
16.b5 Nac5 17.bxc6 bxc6 18.O-O-O Nb7 19.Be2 Ndc5 20.Rd4 Nxd6 21.exd6 Rhf8
22.Rhd1 Kd7 23.Bxc4 Bxc4 24.Rxc4 Rf5 25.Rd2 Re5 26.Kc2 Rf8 27.Na4 Nxa4 28.Rxa4 a5
29.Ra3 Rf6 30.Rad3 g5 31.Kb3 h5 32.Rd4 Rff5 33.R4d3 Rb5+ 34.Kc2 Rbd5 35.Rxd5 Rxd5
36.Rf2 Kxd6 37.Kc3 Kc5 38.Rf8 Re5 39.Kd3 Kb4 40.Rc8 Rc5 41.Re8 Ka3 42.Re2 g4
43.g3 a4 44.Rf2 Rc1 45.Re2 c5 46.Rf2 c4+ 47.Kd4 c3 48.Kd3 c2 49.Kc3 Kxa2
50.Rf5 Rh1 51.Kxc2 Rxh2+ 52.Kc3 Rh3 53.Kc2 Ka3 54.Rb5 Rxg3 55.Rxh5 Kb4 56.Rh8 Rg2+
57.Kd3 a3 58.Rb8+ Kc5 59.Ra8 a2  0-1

[Event "Buenos Aires"]
[Site "Buenos Aires"]
[Date "1988.??.??"]
[Round "?"]
[White "Franco Ocampo, Zenon"]
[Black "Tempone, Marcelo"]
[Result "1/2-1/2"]
[WhiteElo "2425"]
[BlackElo "2450"]

1.d4 d5 2.c4 dxc4 3.e4 Nf6 4.e5 Nd5 5.Bxc4 Nb6 6.Bb3 Nc6 7.Be3 Bf5 8.Ne2 e6
9.Nbc3 Be7 10.O-O Qd7 11.Ng3 Bg6 12.f4 Na5 13.d5 Nxb3 14.axb3 O-O 15.Qf3 Bc2
16.dxe6 fxe6 17.Qxb7 Rab8 18.Qf3 Bxb3 19.Nce4 Bd5 20.Rad1 Qc6 21.Bd4 Rf7
22.f5 Bh4 23.Rc1 Qa4 24.Qc3 Bxg3 25.Nxg3 exf5 26.Rxf5 Rbf8 27.Rcf1 Qd7 28.Rxf7 Rxf7
29.Rxf7 Qxf7 30.Qd3 Be6 31.Bc5 Nd5 32.Qf3 Qe8 33.Ne4 h6 34.h3 Qa4 35.Kh2 Qc2
36.Bd4 Ne7 37.Ng3 c5 38.Bc3 Nd5 39.Qe2 Qb1 40.Qf3 Qc1 41.Ne4 Nxc3 42.bxc3 Qe1
43.Qf4 Bd5 44.Nd6 Qxc3 45.Qf5 Qd2 46.Qc8+ Kh7 47.Qf5+ Kh8 48.Qc8+ Kh7  1/2-1/2

[Event "Cannes op"]
[Site "Cannes"]
[Date "1988.??.??"]
[Round "?"]
[White "Mohr, Stefan"]
[Black "Fayard, Alain"]
[Result "1-0"]
[WhiteElo "2400"]
[BlackElo "2210"]

1.d4 d5 2.c4 dxc4 3.e4 b5 4.a4 Bb7 5.axb5 Bxe4 6.Nc3 Bb7 7.Nf3 Nf6 8.Bxc4 e6
9.O-O Nbd7 10.Be3 Bd6 11.d5 O-O 12.dxe6 fxe6 13.Ng5 Qe7 14.Nxe6 Ne5 15.Nd5 Nxd5
16.Bxd5 Bxd5 17.Qxd5 Qf7 18.b6 Ng4 19.g3 Rad8 20.bxa7 Bxg3 21.fxg3 Qxf1+
22.Rxf1 Rxf1+ 23.Kxf1 Nxe3+ 24.Ke2 Nxd5 25.Nxd8 Nb6 26.b4 Na8 27.b5  1-0

[Event "Copenhagen op"]
[Site "Copenhagen"]
[Date "1988.??.??"]
[Round "?"]
[White "Inkiov, Ventzislav"]
[Black "Schulz, Klaus Juergen"]
[Result "1/2-1/2"]
[WhiteElo "2490"]
[BlackElo "2345"]

1.d4 d5 2.c4 dxc4 3.e4 e5 4.Nf3 Bb4+ 5.Bd2 Bxd2+ 6.Nbxd2 exd4 7.Bxc4 Nc6
8.O-O Qf6 9.e5 Qg6 10.Re1 Nge7 11.Ne4  1/2-1/2

[Event "Frunze"]
[Site "Frunze"]
[Date "1988.??.??"]
[Round "?"]
[White "Glek, Igor V"]
[Black "Kozlov, V."]
[Result "1-0"]
[WhiteElo "2500"]
[BlackElo "2410"]

1.d4 d5 2.c4 dxc4 3.e4 Nf6 4.e5 Nd5 5.Bxc4 Nc6 6.Nf3 Nb6 7.Bb5 Bd7 8.Nc3 a6
9.Bd3 Bg4 10.Be4 e6 11.O-O Be7 12.Be3 Bh5 13.d5 Nxe5 14.dxe6 Qxd1 15.Rfxd1 Nxf3+
16.gxf3 fxe6 17.Bxb7 Rb8 18.Bc6+ Kf7 19.b3 Rhd8 20.Kg2 Bg6 21.Be4 Bf5 22.Rac1 h6
23.Ne2 Rxd1 24.Rxd1 Bxe4 25.fxe4 a5 26.Nd4 Rd8 27.Rc1 Rd7 28.Nc6 Bd6 29.Nxa5 Nc8
30.Rd1 Ke8 31.Nc4 Bb4 32.Rc1 Bd6 33.a4 Ne7 34.a5 Rd8 35.Nxd6+ cxd6 36.a6  1-0

[Event "Dreszer mem"]
[Site "Gdynia"]
[Date "1988.??.??"]
[Round "12"]
[White "Redzepagic, Rolando"]
[Black "Bernard, Ryszard"]
[Result "1-0"]
[WhiteElo "2330"]
[BlackElo "2345"]

1.d4 d5 2.c4 dxc4 3.e4 c5 4.d5 e6 5.Bxc4 Nf6 6.Nc3 exd5 7.Nxd5 Nxd5 8.Bxd5 Be7
9.Nf3 O-O 10.O-O Na6 11.h3 Nc7 12.Bc4 b5 13.Be2 Bb7 14.Qc2 a6 15.Be3 Ne6
16.Rfd1 Qc7 17.a4 Bc6 18.axb5 axb5 19.Ne1 Qb7 20.f3 Qc7 21.Bf1 c4 22.Rxa8 Rxa8
23.b3 Ra3 24.Rb1 Nc5 25.Bxc4 bxc4 26.Qxc4 Ne6 27.Rc1 Nd8 28.Nc2 Ra2 29.b4 Ra4
30.Nd4 Rxb4 31.Qc3 Rb6 32.Nf5 Bf6 33.Qa5 Rb7 34.Qxc7 Rxc7 35.Bb6 Rc8 36.Nd6 Rb8
37.Bxd8 Bd4+ 38.Kf1 Bd7 39.Ba5 g6 40.Bc3 Be3 41.Ra1 Bf4 42.e5 Be6 43.Kf2 h5
44.h4 Bh6 45.Kg3 Bf8 46.Ne4 Rc8 47.Bd2 Bg7 48.Ra5 Re8 49.Nd6 Rd8 50.Bf4 Rb8
51.Bg5 Kf8 52.Bf6 Bxf6 53.exf6 Kg8 54.Ra7 Rd8 55.Ne4 Re8 56.Kf4 Bd5 57.Re7 Ra8
58.Nd6 Rd8 59.Ke5 Be6 60.Ra7 Rb8 61.Kf4 Rd8 62.Ne4 Bd5 63.Nc5 Bc6 64.Rc7 Bd5
65.Rd7 Rxd7 66.Nxd7 Be6 67.Ne5 Bd5 68.g4 hxg4 69.fxg4 Bb3 70.Ke4 Kf8 71.Kd4 Ke8
72.Kc5 Ba4 73.h5 gxh5 74.gxh5 Kf8 75.Kd6 Bd1 76.h6 Bc2 77.Nf3 Kg8 78.Ng5 Bb3
79.Ke7 Ba2 80.h7+ Kh8 81.Nxf7+ Kxh7 82.Ng5+  1-0

[Event "Groningen op"]
[Site "Groningen"]
[Date "1988.??.??"]
[Round "?"]
[White "Vanheste, Jeroen"]
[Black "Ninov, Kiril"]
[Result "1/2-1/2"]
[WhiteElo "2370"]
[BlackElo "2495"]

1.d4 d5 2.c4 dxc4 3.e4 Nc6 4.Nf3 Nf6 5.Nc3 Bg4 6.Be3 e6 7.Bxc4 Bb4 8.Qd3 a6
9.a3 Ba5 10.Nd2 Bb6 11.f3 e5 12.d5 Bxe3 13.Qxe3 Nd4 14.Rc1 Bd7 15.O-O  1/2-1/2

[Event "Hastings op8889"]
[Site "Hastings"]
[Date "1988.??.??"]
[Round "?"]
[White "Hebden, Mark"]
[Black "Sadler, Matthew"]
[Result "1/2-1/2"]
[WhiteElo "2475"]
[BlackElo "2385"]

1.d4 d5 2.c4 dxc4 3.e4 a6 4.Bxc4 e6 5.Nf3 Nf6 6.e5 Nd5 7.O-O Be7 8.Nbd2 b5
9.Bd3 Bb7 10.Ne4 h6 11.Bd2 Nc6 12.Rc1 Nb6 13.Qe2 Rb8 14.Rfd1 Kf8 15.Bb1 Qd7
16.Be3 Nd5 17.Ne1 Ba8 18.Nd3 Rb6 19.Qg4 Qd8 20.Nc3 Ncb4 21.Nxb4 Bxb4 22.Nxd5 Bxd5
23.Be4 c6 24.Bxd5 h5 25.Qf3 exd5 26.Bd2 Bxd2 27.Rxd2 Rh6 28.Rdc2 Qd7 29.h3 Ke8
30.Rc5 g5 31.R5c3 Qe6 32.Qe2 g4 33.Qd2 Rg6 34.h4 Kd7 35.Qc2 Rb7 36.Qb3 Rc7
37.Qa3 Qe7 38.Qxa6 Qxh4 39.Qb6 Qg5 40.Rc5 Qd8 41.a4 bxa4 42.Ra5 h4 43.g3 h3
44.Kh2 Qc8 45.Rxa4 Qb7 46.Rb4 Qxb6 47.Rxb6 f6 48.b4 fxe5 49.dxe5 Re6 50.f4 gxf3
51.Rf1 c5 52.bxc5 Rxc5 53.Rb7+ Rc7  1/2-1/2

[Event "Hradec Kralove"]
[Site "Hradec Kralove"]
[Date "1988.??.??"]
[Round "8"]
[White "Loeffler, Stefan"]
[Black "Efimov, Igor"]
[Result "0-1"]
[WhiteElo "2375"]
[BlackElo "2405"]

1.d4 d5 2.c4 dxc4 3.e4 c5 4.d5 b5 5.a4 Nf6 6.Qc2 Na6 7.Bd2 e6 8.axb5 Nb4
9.Bxb4 cxb4 10.Bxc4 exd5 11.Bxd5 Nxd5 12.Qc6+ Bd7 13.Qxd5 Rc8 14.Ne2 Rc5
15.Qb3 Bxb5 16.Rxa7 Be7 17.Nd2 O-O 18.h4 Qd6 19.Nf3 Rfc8 20.Qd1 Rc2  0-1

[Event "IND-ch"]
[Site "?"]
[Date "1988.??.??"]
[Round "?"]
[White "Mohanty, Pabitra M"]
[Black "Barua, Dibyendu"]
[Result "0-1"]
[WhiteElo "2350"]
[BlackElo "2480"]

1.d4 d5 2.c4 dxc4 3.e4 e5 4.Nf3 exd4 5.Bxc4 Bb4+ 6.Bd2 Bxd2+ 7.Nbxd2 Nc6
8.O-O Qf6 9.e5 Qg6 10.Qb3 Nge7 11.Rfe1 O-O 12.Bd3 Qh6 13.Rac1 Rb8 14.Nf1 Be6
15.Qa3 Bd5 16.Bb1 Bxf3 17.Qxf3 Nxe5 18.Qg3 N7c6 19.b4 a6 20.a4 Rbe8 21.b5 axb5
22.axb5 Na5 23.Red1 c6 24.f4 Nec4 25.bxc6 Ne3 26.Nxe3 dxe3 27.cxb7 Qb6 28.Re1 Nxb7
29.f5 Nc5 30.f6 g6 31.Rc3 Re6 32.Qg5 Nd7 33.Ba2 e2+ 34.Kh1 Qf2 35.Qc1 Rxf6
36.Bc4 Rc8 37.Bxe2 Rxc3 38.Qxc3 Qxe2 39.h3 Rf1+ 40.Rxf1 Qxf1+ 41.Kh2  0-1

[Event "IND-ch"]
[Site "?"]
[Date "1988.??.??"]
[Round "?"]
[White "Ravi, Lanka"]
[Black "Ravisekhar, Raja"]
[Result "0-1"]
[WhiteElo "2320"]
[BlackElo "2355"]

1.d4 d5 2.c4 dxc4 3.e4 e5 4.Nf3 exd4 5.Bxc4 Bb4+ 6.Nbd2 Nc6 7.O-O Qf6 8.e5 Qg6
9.Nh4 Qg4 10.Ndf3 Be6 11.h3 Qe4 12.Bd3 Qd5 13.Bf4 Nge7 14.a3 Ba5 15.Rc1 h6
16.b4 Bb6 17.b5 Na5 18.Nd2 g5 19.Bg3 gxh4 20.Bxh4 Bf5 21.Qc2 Rg8 22.g4 Ng6
23.Bxf5 Nxh4 24.Be4 d3 25.Qc3 Qe6 26.Kh2 h5 27.g5 O-O-O 28.f4 Rd4 29.Rcd1 Kb8
30.Bh1 Rxg5 31.Ne4 Rg8 32.Nf6 Rgd8 33.Qe1 Nf5 34.Nxh5 Rc4 35.Rd2 Rc2 36.Qd1 Ne3  0-1

[Event "BKL-Turnier"]
[Site "Leipzig"]
[Date "1988.??.??"]
[Round "?"]
[White "Boensch, Uwe"]
[Black "Adamski, Jan"]
[Result "1-0"]
[WhiteElo "2575"]
[BlackElo "2395"]

1.d4 d5 2.c4 dxc4 3.e4 Nc6 4.Be3 Nf6 5.Nc3 Ng4 6.Bxc4 e5 7.Qb3 Nxd4 8.Bxd4 Qxd4
9.Bxf7+ Ke7 10.Nh3 c6 11.Bh5 Nh6 12.Rd1 Qc5 13.O-O g6 14.Na4 Qb5 15.Qg3 Nf7
16.Nc3 Qb6 17.Bg4 Bg7 18.Rd3 Bxg4 19.Qxg4 Rad8 20.Rxd8 Qxd8 21.Ng5 Qc8 22.Qg3 Nxg5
23.Qxg5+ Bf6 24.Qh6 Qe6 25.Rd1 Kf7 26.h3 Bg7 27.Qe3 Ra8 28.Qf3+ Bf6 29.Rd3 Ke8
30.Qe3 Kf7 31.Qh6 Bg7 32.Qd2 Re8 33.b3 Bf6 34.Rd6 Qc8 35.Rd7+ Re7 36.Rd8 Qc7
37.Qd3 Kg7 38.Na4 b6 39.Nb2 Rf7 40.Rd6 Re7 41.Nc4 h5 42.f4 b5 43.Nxe5 Bxe5
44.fxe5 Qb6+ 45.Kh1 Qc5 46.Qg3 Qc1+ 47.Kh2 g5 48.e6 Kf6 49.e5+ Kf5 50.Rd8 Kxe6
51.Rd6+ Kf7 52.Rf6+ Ke8 53.e6  1-0

[Event "BKL-Turnier"]
[Site "Leipzig"]
[Date "1988.??.??"]
[Round "?"]
[White "Gruenberg, Hans Ulrich"]
[Black "Adamski, Jan"]
[Result "1/2-1/2"]
[WhiteElo "2465"]
[BlackElo "2395"]

1.d4 d5 2.c4 dxc4 3.e4 Nc6 4.Be3 Nf6 5.Nc3 Ng4 6.Bxc4 e5 7.Qb3 Qd7 8.Bb5 exd4
9.O-O-O a6 10.Bxc6 Qxc6 11.Bxd4 Qh6+ 12.Kb1 c5 13.Nd5 Bd6 14.Be3 Nxe3 15.Qxe3 Qxe3
16.Nxe3 Be7 17.Nd5 Bd8 18.Nf3 f6 19.Nd2 b5 20.Nb3 c4 21.Nc5 Ra7 22.b3 cxb3
23.axb3 Be7 24.Nxe7 Kxe7 25.Rd5  1/2-1/2

[Event "Rubinstein mem"]
[Site "Polanica Zdroj"]
[Date "1988.??.??"]
[Round "9"]
[White "Staniszewski, Piotr"]
[Black "Tseitlin, Mikhail S"]
[Result "1/2-1/2"]
[WhiteElo "2425"]
[BlackElo "2455"]

1.d4 d5 2.c4 dxc4 3.e4 c5 4.Nf3 cxd4 5.Qxd4 Qxd4 6.Nxd4 Bd7 7.Bxc4 Nc6 8.Nxc6 Bxc6
9.Nc3 e6 10.f3 Rc8 11.Be3 a6 12.Rc1 Nf6 13.Kf2 Be7  1/2-1/2

[Event "Bohemians"]
[Site "Prague"]
[Date "1988.??.??"]
[Round "?"]
[White "Dejkalo, Stefan"]
[Black "Karolyi, Tibor Jr"]
[Result "1/2-1/2"]
[WhiteElo "2390"]
[BlackElo "2475"]

1.d4 d5 2.c4 dxc4 3.e4 c5 4.d5 e6 5.Bxc4 Nf6 6.Nc3 exd5 7.Nxd5 Nxd5 8.Bxd5 Be7
9.Qb3 O-O 10.Nf3 Qb6 11.Ne5 Be6 12.Bxe6 fxe6 13.Qxb6 axb6 14.O-O Ra4 15.Re1 Bf6
16.Nf3 Nc6 17.e5 Be7 18.Bd2 Rd8 19.Kf1 h6 20.a3 Rd5 21.Rad1 b5 22.Bc3 Rf4
23.b3 g5 24.h3 Rf8 25.Ke2 Ra8 26.Ra1 Kf8 27.Ke3 c4 28.bxc4 bxc4 29.Ke4  1/2-1/2

[Event "URS-ch sf"]
[Site "Riga"]
[Date "1988.??.??"]
[Round "?"]
[White "Timoshchenko, Gennadi A"]
[Black "Nenashev, Alexander"]
[Result "1/2-1/2"]
[WhiteElo "2455"]
[BlackElo "2445"]

1.d4 d5 2.c4 dxc4 3.e4 Nc6 4.Be3 Nf6 5.Nc3 Ng4 6.Bxc4 e5 7.Qf3 f6 8.Bb5 exd4
9.O-O-O Bc5 10.Bxc6+ bxc6 11.Nge2 O-O 12.Bxd4 Bd6 13.Ng3 Ne5 14.Qe2 Qe8 15.Nf5 Bxf5
16.exf5 c5 17.Bxe5 Bxe5 18.Qc4+ Kh8 19.Qxc5 Qh5 20.Kb1 Qxf5+ 21.Ka1 Rab8
22.Rd2 Rfd8 23.Rhd1 Rxd2 24.Rxd2 h6 25.Qxa7 Rb4 26.Qe3 Rb8 27.h3 Bf4 28.Qf3 Qe5
29.Rd5 Bc1 30.Rxe5 Bxb2+ 31.Kb1 Bxc3+ 32.Rb5 Rxb5+ 33.Kc2 Rc5 34.Qa8+ Kh7
35.Qe4+ f5 36.Qe6 Bd4+ 37.Kd3 Bxf2 38.g4 fxg4 39.hxg4 Rg5 40.Qe4+ Kh8 41.Qe8+ Kh7
42.Qe4+ Kh8 43.a4 Bb6 44.Qe8+ Kh7  1/2-1/2

[Event "URS-ch sf"]
[Site "Riga"]
[Date "1988.??.??"]
[Round "?"]
[White "Moskalenko, Viktor"]
[Black "Nenashev, Alexander"]
[Result "1/2-1/2"]
[WhiteElo "2475"]
[BlackElo "2445"]

1.d4 d5 2.c4 dxc4 3.e4 Nc6 4.Be3 Nf6 5.f3 e5 6.d5 Nd4 7.Bxd4 exd4 8.Qxd4 c6
9.Bxc4 cxd5 10.Bb5+ Bd7 11.Bxd7+ Qxd7 12.e5 Qe6 13.Ne2 Nd7 14.Nbc3 Qxe5 15.Qxd5 O-O-O
16.O-O-O Bc5  1/2-1/2

[Event "Saint John op-2"]
[Site "Saint John"]
[Date "1988.??.??"]
[Round "?"]
[White "Frias, Victor J"]
[Black "Ehlvest, Jaan"]
[Result "1/2-1/2"]
[WhiteElo "2485"]
[BlackElo "2585"]

1.d4 d5 2.c4 dxc4 3.e4 c5 4.d5 Nf6 5.Nc3 b5 6.e5 b4 7.exf6 bxc3 8.bxc3 Nd7
9.Bxc4 Nb6 10.Nf3 gxf6 11.O-O Nxc4 12.Qa4+ Qd7 13.Qxc4 Bb7 14.Rd1 Rg8 15.Bf4 Rd8
16.Qxc5 e5 17.Qe3 Be7 18.Bg3 Qa4 19.Qh6 Bxd5 20.Qxh7 Qg4 21.Qd3 Bxf3 22.Qb5+ Kf8
23.Rxd8+ Bxd8 24.gxf3 Qxf3 25.Qc5+ Kg7 26.Qxa7 Qxc3 27.Rd1 Bc7 28.Qb7 Rb8
29.Qg2  1/2-1/2

[Event "URS-FL56"]
[Site "Simferopol"]
[Date "1988.??.??"]
[Round "?"]
[White "Giorgadze, Giorgi"]
[Black "Lputian, Smbat G"]
[Result "1-0"]
[WhiteElo "2410"]
[BlackElo "2540"]

1.d4 d5 2.c4 dxc4 3.e4 Nf6 4.e5 Nd5 5.Bxc4 Nb6 6.Bd3 Nc6 7.Be3 Be6 8.Ne2 Nb4
9.Be4 Bd5 10.Nbc3 Bxe4 11.Nxe4 e6 12.O-O Qd7 13.N2c3 N4d5 14.Qe2 f5 15.exf6 gxf6
16.Qf3 Qf7 17.a4 a5 18.Bd2 O-O-O 19.Nxd5 exd5 20.Nxf6 h5 21.Bg5 Bg7 22.Rfe1 Rdf8
23.Qh3+ Kb8 24.Re6 Ka7 25.Rae1 Qg6 26.Qg3 Qc2 27.b3 Bxf6 28.Bxf6 Rh6 29.R6e2 Qf5
30.Bg5 Rc6 31.h4 Nc8 32.Re5 Qd7 33.Qd3 Rd6 34.Qd1 Qf7 35.Qd2 Kb8 36.R1e3 b6
37.Rf3 Qg8 38.Rxf8 Qxf8 39.Qe2 Qf7 40.Be3 Qg6 41.Qd1  1-0

[Event "Tilburg"]
[Site "Tilburg"]
[Date "1988.??.??"]
[Round "?"]
[White "Hjartarson, Johann"]
[Black "Huebner, Robert"]
[Result "1/2-1/2"]
[WhiteElo "2610"]
[BlackElo "2600"]

1.d4 d5 2.c4 dxc4 3.e4 e5 4.Nf3 exd4 5.Bxc4 Bb4+ 6.Bd2 Bxd2+ 7.Nbxd2 Nh6
8.O-O c5 9.Rc1 Qe7 10.Nb3 b6 11.Nbxd4 O-O 12.Nb5 Nc6 13.Qd6 Qxd6 14.Nxd6 Bg4
15.Bd5 Rad8 16.Nb7 Rc8 17.Rc3 Nb4 18.Bc4 Rc7 19.Nd6 Rd8 20.Nb5 Re7 21.a3 Bxf3
22.gxf3 Nc6 23.Bd5 Ne5 24.f4 Ng6 25.Rf3 Nh4 26.Rh3 Ng6 27.Rf3 Nh4 28.Rh3  1/2-1/2

[Event "Tilburg"]
[Site "Tilburg"]
[Date "1988.??.??"]
[Round "?"]
[White "Portisch, Lajos"]
[Black "Huebner, Robert"]
[Result "1/2-1/2"]
[WhiteElo "2630"]
[BlackElo "2600"]

1.d4 d5 2.c4 dxc4 3.e4 e5 4.Nf3 exd4 5.Bxc4 Bb4+ 6.Nbd2 Nc6 7.O-O Nf6 8.e5 Nd5
9.Nb3 Nb6 10.Bb5 Qd5 11.Nfxd4 O-O 12.Nxc6 Qxb5 13.Nxb4 Qxb4 14.Be3 Re8 15.Rc1 Bg4
16.Qc2 Nd5 17.Bd2 Qa4 18.Rfe1 b6 19.a3 c5 20.Na1 Qxc2 21.Nxc2 Rad8 22.Bg5 Rd7
23.Ne3 Nxe3 24.Bxe3 h5 25.f3 Bf5 26.f4 Be6 27.Red1 Red8 28.Rxd7 Rxd7 29.Kf2 Kh7
30.Rc2 Kg6 31.Rd2 Bd5 32.b4 c4 33.Bd4 Kf5 34.Ke3 Bc6  1/2-1/2

[Event "FRA-ch"]
[Site "Val Thorens"]
[Date "1988.??.??"]
[Round "6"]
[White "Kappler, Jean Marie"]
[Black "Alet, Jean Perre"]
[Result "1-0"]
[WhiteElo "2260"]
[BlackElo "2160"]

1.d4 d5 2.c4 dxc4 3.e4 c5 4.Nf3 cxd4 5.Bxc4 Nc6 6.O-O e6 7.Nbd2 Nf6 8.e5 Nd5
9.Ne4 Be7 10.Qe2 O-O 11.Rd1 Qc7 12.Neg5 h6 13.Nh3 Re8 14.Nf4 Nxf4 15.Bxf4 Rd8
16.Qe4 Bf8 17.Rac1 Bd7 18.Nxd4 Qb6 19.Bd3 g6 20.Nb5 Nb4 21.Nd6 Bc6 22.Qe2 Nxd3
23.Rxd3 Bd5 24.Rh3 Qd4 25.Rh4 Bg7 26.Rd1 Qc5 27.Bxh6 Rxd6 28.Bxg7 Kxg7 29.Qd2 Rh8
30.Rxh8 Kxh8 31.exd6 Qxd6 32.Qd4+ Kg8 33.Rc1 Qb8 34.a3 Bc6 35.f4 a6 36.Rc3 e5
37.fxe5 Qc8 38.e6 Qxe6 39.Re3 Qd7 40.Qxd7 Bxd7 41.Kf2 Kg7 42.Re7 Bc6 43.g4 Kf6
44.Rc7 g5 45.Kg3 Ke6 46.Rc8 f6 47.Rd8 Bd7 48.h4 gxh4+ 49.Kf4 a5 50.Rh8 Kd5
51.Rxh4 Kc4 52.Rh7 Bc6 53.Rc7 Kb3 54.Kf5 Kxb2 55.Kxf6 Be4 56.Ke5 Bg6 57.Rxb7+ Kxa3
58.Rb6 Be8 59.Kd4 a4 60.Kc3 Ka2 61.Rb2+ Ka1 62.Re2 Bd7 63.g5 Bf5 64.Kb4  1-0

[Event "RSFSR-ch"]
[Site "Voronezh"]
[Date "1988.??.??"]
[Round "?"]
[White "Gleizerov, Evgeny"]
[Black "Doroshkievich, Vladimir K"]
[Result "1-0"]
[WhiteElo "2405"]
[BlackElo "2390"]

1.d4 d5 2.c4 dxc4 3.e4 Nf6 4.e5 Nd5 5.Bxc4 Nb6 6.Bd3 Nc6 7.Ne2 Bg4 8.Be3 e6
9.Nbc3 Bh5 10.O-O Bg6 11.Bb5 Qd7 12.Rc1 a6 13.Bxc6 bxc6 14.Nf4 Bb4 15.Nxg6 hxg6
16.Ne4 Qd5 17.Qc2 O-O-O 18.Qxc6 Qxc6 19.Rxc6 Kb7 20.Rfc1 Nd5 21.h3 Ba5 22.R6c4 Bb6
23.Kf1 Rd7 24.Nd2 Ne7 25.Nb3 Rd5 26.a4 Rd7 27.Ke2 Nd5 28.a5 Ba7 29.Nd2 Rb8
30.Ne4 Ka8 31.R1c2 Rb5 32.Bd2 Kb8 33.Ra4 Ne7 34.Be3 Nf5 35.Nc3 Rb3 36.Rd2 c5
37.dxc5 Rxd2+ 38.Bxd2 Bxc5 39.Ne4 Nd4+ 40.Kd1 Ba7 41.Bc3 Nb5 42.Rb4 Rxb4
43.Bxb4 Bd4 44.f4 Nc7 45.Bc3 Bg1 46.Ke2 Nd5 47.Kf3 Kc7 48.Ng5 Be3 49.g3 Bc1
50.Bd4 Bd2 51.Nxf7 Bxa5 52.Nh8 Bb6 53.Bxb6+ Kxb6 54.Nxg6 Kc5 55.Nf8 Nc7 56.Ke4 Kc4
57.f5 exf5+ 58.Kxf5 a5 59.Ne6 Na6 60.Nxg7 Kb3 61.e6  1-0

[Event "Zuerich op"]
[Site "Zuerich"]
[Date "1988.??.??"]
[Round "6"]
[White "Gartner, Guntram"]
[Black "Mainka, Gregor"]
[Result "1-0"]
[WhiteElo "2180"]
[BlackElo "2285"]

1.d4 d5 2.c4 dxc4 3.e4 Nc6 4.Nf3 Bg4 5.Bxc4 e6 6.d5 exd5 7.Bxd5 Qd7 8.O-O O-O-O
9.Qb3 Nf6 10.Ne5 Qxd5 11.exd5 Nxe5 12.Nc3  1-0

[Event "Nordic-tt"]
[Site "Aabybro"]
[Date "1989.??.??"]
[Round "?"]
[White "Hjartarson, Johann"]
[Black "Westerinen, Heikki MJ"]
[Result "0-1"]
[WhiteElo "2555"]
[BlackElo "2435"]

1.d4 d5 2.c4 dxc4 3.e4 e5 4.Nf3 exd4 5.Bxc4 Bb4+ 6.Nbd2 Nc6 7.O-O Be6 8.Bxe6 fxe6
9.Nb3 d3 10.Bg5 Qd7 11.Rc1 Nf6 12.a3 Be7 13.e5 Ne4 14.Bxe7 Kxe7 15.Re1 Qd5
16.Nbd2 Nxd2 17.Qxd2 Rhd8 18.Rc3 Rd7 19.Re3 Rad8 20.Rexd3 Qe4 21.Qg5+ Kf8
22.Rxd7 Rxd7 23.h3 Qb1+ 24.Kh2 Qxb2 25.Qf4+ Kg8 26.Qc4 Nd8 27.Rd3 Qe2 28.Ne1 Qxe5+
29.f4 Qe2 30.Qa4 b5 31.Qxb5 c6 32.Qc4 Rd5 33.Qc3 Qe4 34.Rg3 Qd4 35.Qf3 Rf5
36.Nd3 c5 37.Qa8 c4 38.Ne5 Rf8 39.Qc8 Qxf4 40.Nxc4 h5  0-1

[Event "AUT-ch"]
[Site "?"]
[Date "1989.??.??"]
[Round "4"]
[White "Petschar, Kurt"]
[Black "Dueckstein, Andreas"]
[Result "1/2-1/2"]
[WhiteElo "2290"]
[BlackElo "2345"]

1.d4 d5 2.c4 dxc4 3.e4 e5 4.d5 Nf6 5.Nc3 c6 6.dxc6 Qxd1+ 7.Kxd1 Nxc6 8.Bxc4 Bc5
9.f3 Be6 10.Bxe6 fxe6 11.Nge2 Ke7 12.Kc2 Rac8 13.Bg5 a6 14.Rad1 h6 15.Bh4 g5
16.Bg3 Nh5 17.Kb1 Nxg3 18.hxg3 h5 19.f4 gxf4 20.gxf4 Rcg8 21.g3 Bd4 22.Nxd4 Nxd4
23.Rh3 Rh7 24.fxe5 Nc6 25.Rdh1 Rgh8 26.Ne2 Nxe5 27.Nf4 Rg8 28.Rxh5 Rxh5 29.Rxh5 Nf7
30.Ne2 Kf6 31.Kc2 Rc8+ 32.Kd2 Rc4 33.Nc3 b5 34.a3 Kg6 35.Rh1 b4 36.axb4 Rxb4
37.Kc2 Nd6 38.Ra1 Nxe4 39.Nxe4 Rxe4 40.Rxa6 Kf5 41.Ra3 Rg4 42.Re3 e5 43.Kc3 Rg8
44.b4 Rh8 45.Kc4 Rc8+ 46.Kd5 Rd8+ 47.Kc6 e4 48.Re1 Rc8+ 49.Kb6 Rg8 50.Rg1 e3
51.b5 Ke4  1/2-1/2

[Event "FRG-ch"]
[Site "Bad Neuenahr"]
[Date "1989.??.??"]
[Round "?"]
[White "Wegner, Hannu"]
[Black "Schlosser, Philipp"]
[Result "1/2-1/2"]
[WhiteElo "2350"]
[BlackElo "2420"]

1.d4 d5 2.c4 dxc4 3.e4 Nf6 4.e5 Nd5 5.Bxc4 Nb6 6.Bb3 Nc6 7.Ne2 Bf5 8.Nbc3 e6
9.O-O Qd7 10.a3 Be7 11.Be3 Rd8 12.Ba2 O-O 13.f4 Na5 14.Ng3 Nac4 15.Nxf5 exf5
16.Bf2 Nxb2 17.Qc2 N2c4 18.d5 Nxa3 19.Qd3 Bb4 20.Bxb6  1/2-1/2

[Event "GMA-qual"]
[Site "Belgorod"]
[Date "1989.??.??"]
[Round "?"]
[White "Zilberstein, Valery I"]
[Black "Vorotnikov, Vladislav V"]
[Result "1-0"]
[WhiteElo "2375"]
[BlackElo "2415"]

1.d4 d5 2.c4 dxc4 3.e4 Nc6 4.Nf3 Bg4 5.Be3 Bxf3 6.gxf3 e5 7.d5 Nd4 8.f4 Bc5
9.Bg2 Qh4 10.O-O Nh6 11.fxe5 Ng4 12.h3 Nxe3 13.fxe3 Nb5 14.Qf3 Qg5 15.Qxf7+ Kd8
16.e6 Be7 17.Nc3 Nxc3 18.bxc3 a5 19.Rab1 Rb8 20.Rbd1 Qxe3+ 21.Kh1 Qg3 22.Rf3 Qg6
23.d6 Qxf7 24.dxe7+ Kxe7 25.Rxf7+ Kxe6 26.Rxc7 b5 27.Rd5 Rhf8 28.Kg1 Rf4
29.Rc6+ Ke7 30.Rcc5 b4 31.Rxc4 b3 32.axb3 Rxb3 33.Rxa5 g6 34.Ra7+ Kd6 35.Rd4+ Kc5
36.Ra5+ Kb6 37.Rb4+  1-0

[Event "Belgrade (Women)"]
[Site "Belgrade"]
[Date "1989.??.??"]
[Round "8"]
[White "Maksimovic, Suzana"]
[Black "Bojkovic, Natasa"]
[Result "1/2-1/2"]
[WhiteElo "2235"]
[BlackElo "2260"]

1.d4 d5 2.c4 dxc4 3.e4 Nc6 4.d5 Ne5 5.Bf4 Ng6 6.Bg3 e5 7.Bxc4 a6 8.Nc3 Nf6
9.h4 h5 10.Nh3 Bd6 11.Bd3 b5 12.Ng5 Qe7 13.Rc1 Bd7 14.a4 b4 15.Nb1 Nf4 16.Bxf4 exf4
17.Nd2 Ng4 18.Nc4 Ne5 19.b3 f6 20.Nf3 Bg4 21.Ncxe5 Bxe5 22.Rc6 O-O 23.O-O a5
24.Be2 Bxf3 25.Bxf3 g6 26.Qd3 Qg7 27.Rfc1 Bd6 28.Ra6 Kh7 29.Rcc6 Kh6 30.Qe2 Qe7
31.Rxa8 Rxa8 32.Ra6 Rxa6 33.Qxa6 g5 34.hxg5+ fxg5 35.Qc8 g4 36.Qh8+ Kg6 37.Qg8+ Kh6
38.Qh8+ Kg6 39.Qg8+ Kh6 40.Qh8+ Kg5 41.Be2 Qxe4 42.Qg7+ Qg6 43.Qxg6+ Kxg6
44.Bb5 g3 45.fxg3 fxg3 46.Kf1 Kf5 47.Ke2 Ke4 48.Bd3+ Kd4 49.Bc4 h4 50.Kf3 Kc3
51.Kg4 Be7 52.Kh3 Kd4 53.Kg4 Ke4 54.Kh3 Kf4 55.Bd3 Ke3 56.Bc4 Kf2 57.Bd3 Kg1
58.Bc4  1/2-1/2

[Event "Lasker mem"]
[Site "Berlin"]
[Date "1989.??.??"]
[Round "1"]
[White "Gruenberg, Hans Ulrich"]
[Black "Schlosser, Philipp"]
[Result "1-0"]
[WhiteElo "2510"]
[BlackElo "2475"]

1.d4 d5 2.c4 dxc4 3.e4 e5 4.Nf3 exd4 5.Bxc4 Bb4+ 6.Bd2 Bxd2+ 7.Nbxd2 Nc6
8.O-O Qf6 9.e5 Qg6 10.Re1 Nge7 11.Nb3 Bg4 12.Be2 O-O-O 13.Nfxd4 Bxe2 14.Nxc6 Nxc6
15.Qxe2 Rd5 16.f4 Rhd8 17.Rad1 Nb4 18.Rxd5 Rxd5 19.h3 Nxa2 20.Kh2 a6 21.Qf3 Qd3
22.Re3 Qd1 23.Qe4 g6 24.f5 Rd8 25.Nc5 Qd5 26.Qxd5 Rxd5 27.e6 fxe6 28.fxe6 Kd8
29.e7+ Ke8 30.Ne6 Kxe7 31.Nxc7+ Kd6 32.Nxd5 Kxd5 33.Re7 b5 34.Rxh7 Nb4 35.Rg7 a5
36.Rxg6 a4 37.h4 Nd3 38.h5 Ne5 39.Rg3 b4 40.h6 Nf7 41.h7 Kc4  1-0

[Event "Buenos Aires BCA op"]
[Site "Buenos Aires"]
[Date "1989.??.??"]
[Round "5"]
[White "Servat, Roberto"]
[Black "Slipak, Sergio"]
[Result "1/2-1/2"]
[WhiteElo "2445"]
[BlackElo "2355"]

1.d4 d5 2.c4 dxc4 3.e4 Nf6 4.e5 Nd5 5.Bxc4 Nb6 6.Bb3 Nc6 7.Ne2 Bf5 8.O-O e6
9.Be3 Qd7 10.Nbc3 Na5 11.Bc2 Bxc2 12.Qxc2 Be7 13.Rad1 O-O 14.Nf4 Nac4 15.Bc1 Nd5
16.Nh5 Ncb6 17.Ne4 Kh8 18.Qe2 f5 19.exf6 Nxf6 20.Rfe1 Rae8 21.Nf4 Nbd5 22.Nd3 Nxe4
23.Qxe4 Bd6 24.Nc5 Qf7 25.Re2 Qh5 26.h3 Nf6 27.Qc2 Qd5 28.Rde1 e5 29.Qb3 Qxb3
30.Nxb3 exd4  1/2-1/2

[Event "Buenos Aires BCA op"]
[Site "Buenos Aires"]
[Date "1989.??.??"]
[Round "9"]
[White "Markeluk, Sergio"]
[Black "Juarez, Alberto"]
[Result "1-0"]
[WhiteElo "2360"]
[BlackElo "2260"]

1.d4 d5 2.c4 dxc4 3.e4 c5 4.d5 Nf6 5.Nc3 b5 6.Bf4 a6 7.e5 b4 8.exf6 bxc3
9.bxc3 Nd7 10.Qa4 Qb6 11.fxe7 Bxe7 12.Bxc4 Qb2 13.Rc1 Bd6 14.Be3 Rb8 15.Nf3 O-O
16.Bd3 f5 17.O-O Nf6 18.Nd2 Qb7 19.Nc4 Qe7 20.Nxd6 Qxd6 21.Bf4 Rb4 22.Qxb4  1-0